Britannia, volume the first: or, An illustration of the kingdom of England and dominion of Wales (Record no. 113750)
[ view plain ]
| 000 -LEADER | |
|---|---|
| fixed length control field | 01281cam a22002055a 4500 |
| 001 - CONTROL NUMBER | |
| control field | L155683 |
| 008 - FIXED-LENGTH DATA ELEMENTS--GENERAL INFORMATION | |
| fixed length control field | 120402s1675 xxk f 000 0 eng d |
| 035 ## - SYSTEM CONTROL NUMBER | |
| System control number | (Sirsi) u155683 |
| 041 0# - LANGUAGE CODE | |
| Language code of text/sound track or separate title | eng |
| 100 1# - MAIN ENTRY--PERSONAL NAME | |
| Personal name | Ogilby, John |
| Dates associated with a name | 1600-1676 |
| 245 00 - TITLE STATEMENT | |
| Title | Britannia, volume the first: or, An illustration of the kingdom of England and dominion of Wales |
| Remainder of title | by a geographical and historical description of the principal roads thereof. Actually admeasured and delineated in a century of whole-sheet copper-sculps. Accomodated with the ichnography of the several cities and capital towns; and compleated by an accurate account of the more remarkable passages of antiquity, together with a novel discourse of the present state. By John Ogilby Esq; His Majesty's cosmographer, and master of His Majesty's revels in the kingdom of Ireland |
| 260 ## - PUBLICATION, DISTRIBUTION, ETC. | |
| Place of publication, distribution, etc. | London |
| Name of publisher, distributor, etc. | printed by the author at his house in White-Fryers |
| Date of publication, distribution, etc. | M. DC. LXXV. [1675] |
| 300 ## - PHYSICAL DESCRIPTION | |
| Extent | [34], 200, [4] p., [102] leaves of plates (most folded) |
| Other physical details | ill., maps |
| Dimensions | 2o |
| 520 ## - SUMMARY, ETC. | |
| Summary, etc. | Title page in red and black. |
| 583 ## - ACTION NOTE | |
| Action | Condition reviewed |
| Time/date of action | 20120620 |
| Status | condition level 4, detached boards |
| 583 ## - ACTION NOTE | |
| Action | Sent for conservation |
| Time/date of action | 20130129 |
| Action agent | Elizabeth Neville |
| 651 #4 - SUBJECT ADDED ENTRY--GEOGRAPHIC NAME | |
| Geographic name | Great Britain |
| Chronological subdivision | 1707- |
| 690 ## - LOCAL SUBJECT ADDED ENTRY--TOPICAL TERM (OCLC, RLIN) | |
| Topical term or geographic name as entry element | Infrastructure |
| 9 (RLIN) | 6246 |
| 942 ## - ADDED ENTRY ELEMENTS (KOHA) | |
| Suppress in OPAC | 0 |
| Withdrawn status | Lost status | Source of classification or shelving scheme | Damaged status | Not for loan | Home library | Current library | Shelving location | Date acquired | Total Checkouts | Full call number | Barcode | Date last seen | Copy number | Price effective from | Koha item type |
|---|---|---|---|---|---|---|---|---|---|---|---|---|---|---|---|
| Dewey Decimal Classification | Historic collection | Historic collection | Historic collection | 02/04/2012 | FOLIO 1675 OGILBY | 30075932 | 06/08/2019 | 1 | 06/08/2019 | Book |